000 00591nam a2200205Ia 4500
005 20250508164047.0
008 008 250505s9999 xx 000 0 eng d
020 _a0-8058--4150-4
037 _aReference
040 _aFEDL
_beng
_cFEDL
041 _aeng
_2eng
084 _a428.4072, HAN/RR
_qFEDL
100 _aPearson P. David Ed.
_9777209
245 0 _aHandbook of reading research
260 _aNew Jersey, USA
_bLawrence Erlbaum Associates
_c2002
300 _axxiv,899p.
365 _aUSD
_b80
942 _cREF
_h428.4072, HAN/RR
999 _c1386859
_d1386859